|
|
|
|
| LEADER |
01975nam a2200421 a 4500 |
| 001 |
EBC492034 |
| 003 |
MiAaPQ |
| 005 |
20200520144314.0 |
| 006 |
m o d | |
| 007 |
cr cn||||||||| |
| 008 |
080922s2009 ctu sb 001 0 eng |
| 010 |
|
|
|z 2008041029
|
| 015 |
|
|
|a GBA8D6500
|2 bnb
|
| 016 |
7 |
|
|z 014844904
|2 Uk
|
| 020 |
|
|
|z 9780313355349 (alk. paper)
|
| 020 |
|
|
|z 0313355347 (alk. paper)
|
| 035 |
|
|
|a (MiAaPQ)EBC492034
|
| 035 |
|
|
|a (Au-PeEL)EBL492034
|
| 035 |
|
|
|a (CaPaEBR)ebr10323571
|
| 035 |
|
|
|a (CaONFJC)MIL234136
|
| 035 |
|
|
|a (OCoLC)562289404
|
| 040 |
|
|
|a MiAaPQ
|c MiAaPQ
|d MiAaPQ
|
| 043 |
|
|
|a n-us---
|
| 050 |
|
4 |
|a HD62.5
|b .L377 2009
|
| 082 |
0 |
4 |
|a 658.1/1
|2 22
|
| 100 |
1 |
|
|a Lauer, Chris,
|d 1966-
|
| 245 |
1 |
0 |
|a Breaking free
|h [electronic resource] :
|b how to quit your job and start your own business /
|c Chris Lauer.
|
| 260 |
|
|
|a Westport, Conn. :
|b Praeger Publishers,
|c 2009.
|
| 300 |
|
|
|a 202 p.
|
| 504 |
|
|
|a Includes bibliographical references and index.
|
| 505 |
0 |
|
|a Introduction : the clock is ticking -- How I broke free -- Who are you? -- What are you going to do with the rest of your life? -- When is the timing right? -- Where are your heart and your mind? -- How to quit your job -- Why work for yourself? -- How to meet people who can help you in your business -- How to succeed with your people -- How to sell your work to customers -- How to grow -- How to recognize success and when to call it quits -- Epilogue : famous last words.
|
| 533 |
|
|
|a Electronic reproduction. Ann Arbor, MI : ProQuest, 2015. Available via World Wide Web. Access may be limited to ProQuest affiliated libraries.
|
| 650 |
|
0 |
|a New business enterprises
|z United States.
|
| 650 |
|
0 |
|a Small business
|z United States
|x Management.
|
| 650 |
|
0 |
|a Entrepreneurship
|z United States.
|
| 655 |
|
4 |
|a Electronic books.
|
| 710 |
2 |
|
|a ProQuest (Firm)
|
| 856 |
4 |
0 |
|u https://ebookcentral.proquest.com/lib/matrademy/detail.action?docID=492034
|z Click to View
|